00378nam a2200145Ia 4500008004100000020001500041041001200056082001100068100001700079245006200096260003300158300000800191650001500199700001800214221030s9999 xx 000 0 und d a8174463178 aEnglish a105.23 aV. S. P. Rao 0aManagement : Text & Casescby V. S. P. Rao, V. H. Krishna bExcel BooksaNew Delhic2010 a966 aManagement aV. H. Krishna